Las confesiones
Guardat en:
| Autor principal: | |
|---|---|
| Format: | Llibre |
| Idioma: | espanyol |
| Publicat: |
Madrid
Espasa-Calpe
1979
|
| Matèries: | |
| Etiquetes: |
Afegir etiqueta
Sense etiquetes, Sigues el primer a etiquetar aquest registre!
|
MARC
| LEADER | 00000nam a2200000 a 4500 | ||
|---|---|---|---|
| 001 | UCV7955 | ||
| 003 | CL-VaPUC | ||
| 008 | 900314e19790000SP |||||||||||||||||spa|d | ||
| 082 | 0 | 4 | |a 921.4 |b ROU |2 21 |
| 100 | |a Rousseau, Jean Jacques |e autor |9 255697 | ||
| 245 | 1 | 4 | |a Las confesiones |
| 300 | |a 548 p | ||
| 942 | |c BK | ||
| 945 | |d 19900314 00:00:00 | ||
| 260 | |a Madrid |b Espasa-Calpe |c 1979 | ||
| 600 | 0 | |a Rousseau, Jean Jacques |e autor |9 255697 | |
| 650 | 0 | |a Autobiografías |9 265171 | |
| 583 | |a last modification |c 19900314 00:00:00 |k Rodrigo Vera | ||
| 999 | |c 213555 |d 213553 | ||
| 952 | |0 0 |1 0 |4 0 |6 921_400000000000000_ROU_1979 |7 0 |8 P |9 196040 |a BIBARQ |b BIBARQ |d 2019-11-14 |i 2639912 |o 921.4 ROU 1979 |p 2639912 |r 2025-01-20 |w 2019-11-14 |y BK |k ARQ | ||